[Event "Top 12 2021"]
[Site "Chalons en Champagne, France"]
[Date "2021.06.24"]
[Round "1.8"]
[White "Ruhlmann, Helene ERD"]
[Black "Afraoui, Solenn VIL"]
[Result "1/2-1/2"]
[WhiteElo "1816"]
[BlackElo "1889"]

1. d4 {[%clk 01:30:57]} {[%emt 00:00:03]} Nf6 {[%clk 01:30:47]} {[%emt
00:00:13]} 2. c4 {[%clk 01:31:23]} {[%emt 00:00:04]} e6 {[%clk 01:30:59]}
{[%emt 00:00:18]} 3. Nc3 {[%clk 01:31:44]} {[%emt 00:00:10]} Bb4 {[%clk
01:30:44]} {[%emt 00:00:44]} 4. e3 {[%clk 01:32:03]} {[%emt 00:00:11]} b6
{[%clk 01:30:18]} {[%emt 00:00:56]} 5. Nge2 {[%clk 01:31:35]} {[%emt 00:00:59]}
Bb7 {[%clk 01:23:13]} {[%emt 00:07:34]} 6. a3 {[%clk 01:29:27]} {[%emt
00:02:39]} Be7 {[%clk 01:22:08]} {[%emt 00:01:34]} 7. d5 {[%clk 01:23:52]}
{[%emt 00:06:05]} exd5 {[%clk 01:19:11]} {[%emt 00:03:26]} 8. cxd5 {[%clk
01:24:15]} {[%emt 00:00:07]} a5 {[%clk 01:10:08]} {[%emt 00:09:34]} 9. Ng3
{[%clk 01:19:10]} {[%emt 00:05:35]} O-O {[%clk 01:04:04]} {[%emt 00:06:33]} 10.
Be2 {[%clk 01:09:57]} {[%emt 00:09:43]} Re8 {[%clk 01:02:53]} {[%emt 00:01:41]}
11. e4 {[%clk 01:04:47]} {[%emt 00:05:40]} d6 {[%clk 00:58:22]} {[%emt
00:05:00]} 12. O-O {[%clk 01:01:48]} {[%emt 00:03:30]} Bf8 {[%clk 00:54:28]}
{[%emt 00:04:24]} 13. Be3 {[%clk 00:58:37]} {[%emt 00:03:42]} Nbd7 {[%clk
00:40:28]} {[%emt 00:14:30]} 14. f4 {[%clk 00:49:30]} {[%emt 00:09:36]} Nxe4
{[%clk 00:28:08]} {[%emt 00:12:49]} 15. Ncxe4 {[%clk 00:41:29]} {[%emt
00:08:32]} f5 {[%clk 00:28:25]} {[%emt 00:00:12]} 16. Ng5 {[%clk 00:31:39]}
{[%emt 00:10:21]} Rxe3 {[%clk 00:26:22]} {[%emt 00:02:33]} 17. Nxf5 {[%clk
00:30:33]} {[%emt 00:01:36]} Rxe2 {[%clk 00:17:34]} {[%emt 00:09:18]} 18. Qxe2
{[%clk 00:30:01]} {[%emt 00:01:03]} Bxd5 {[%clk 00:17:42]} {[%emt 00:00:22]} 19.
Rad1 {[%clk 00:24:12]} {[%emt 00:06:19]} Bb3 {[%clk 00:13:48]} {[%emt
00:04:23]} 20. Rf3 {[%clk 00:21:01]} {[%emt 00:03:41]} Bf7 {[%clk 00:03:32]}
{[%emt 00:10:46]} 21. Nxf7 {[%clk 00:19:21]} {[%emt 00:02:11]} Kxf7 {[%clk
00:03:57]} {[%emt 00:00:05]} 22. Qc4+ {[%clk 00:18:55]} {[%emt 00:00:56]} Kf6
{[%clk 00:03:17]} {[%emt 00:01:11]} 23. Re1 {[%clk 00:17:44]} {[%emt 00:01:41]}
Nc5 {[%clk 00:01:57]} {[%emt 00:01:50]} 24. Nd4 {[%clk 00:13:50]} {[%emt
00:04:23]} d5 {[%clk 00:01:34]} {[%emt 00:00:53]} 25. Qc3 {[%clk 00:10:45]}
{[%emt 00:03:34]} Kf7 {[%clk 00:00:52]} {[%emt 00:01:11]} 26. b4 {[%clk
00:10:02]} {[%emt 00:01:14]} Ne4 {[%clk 00:00:50]} {[%emt 00:00:33]} 27. Rxe4
{[%clk 00:09:30]} {[%emt 00:01:01]} dxe4 {[%clk 00:00:54]} {[%emt 00:00:25]} 28.
Qc4+ {[%clk 00:09:53]} {[%emt 00:00:07]} Ke8 {[%clk 00:01:10]} {[%emt
00:00:15]} 29. Re3 {[%clk 00:08:42]} {[%emt 00:01:40]} axb4 {[%clk 00:00:57]}
{[%emt 00:00:43]} 30. Qc6+ {[%clk 00:05:54]} {[%emt 00:03:18]} Qd7 {[%clk
00:01:13]} {[%emt 00:00:14]} 31. Qxa8+ {[%clk 00:05:10]} {[%emt 00:01:14]} Kf7
{[%clk 00:01:38]} {[%emt 00:00:06]} 32. Qxe4 {[%clk 00:05:02]} {[%emt
00:00:39]} Bc5 {[%clk 00:01:32]} {[%emt 00:00:36]} 33. Rd3 {[%clk 00:03:18]}
{[%emt 00:02:14]} bxa3 {[%clk 00:01:29]} {[%emt 00:00:33]} 34. Kh1 {[%clk
00:03:15]} {[%emt 00:00:33]} a2 {[%clk 00:01:03]} {[%emt 00:00:56]} 35. Nb3
{[%clk 00:02:43]} {[%emt 00:01:02]} Qb5 {[%clk 00:00:36]} {[%emt 00:00:56]} 36.
Qf5+ {[%clk 00:02:16]} {[%emt 00:00:57]} Ke7 {[%clk 00:00:50]} {[%emt
00:00:16]} 37. Qd5 {[%clk 00:01:13]} {[%emt 00:01:34]} Qxb3 {[%clk 00:00:40]}
{[%emt 00:00:40]} 38. Qxb3 {[%clk 00:00:36]} {[%emt 00:01:07]} a1=Q+ {[%clk
00:01:05]} {[%emt 00:00:05]} 39. Rd1 {[%clk 00:00:57]} {[%emt 00:00:08]} Qf6
{[%clk 00:00:54]} {[%emt 00:00:41]} 40. Qd3 {[%clk 00:30:31]} {[%emt 00:00:57]}
Bd6 {[%clk 00:30:41]} {[%emt 00:00:43]} 41. Re1+ {[%clk 00:24:18]} {[%emt
00:06:43]} Kd7 {[%clk 00:20:16]} {[%emt 00:10:55]} 42. Qe4 {[%clk 00:09:06]}
{[%emt 00:15:43]} Qf7 {[%clk 00:15:16]} {[%emt 00:05:30]} 43. Qxh7 {[%clk
00:07:04]} {[%emt 00:02:32]} b5 {[%clk 00:10:08]} {[%emt 00:05:38]} 44. Qh3+
{[%clk 00:06:24]} {[%emt 00:01:11]} Kd8 {[%clk 00:08:29]} {[%emt 00:02:08]} 45.
Qf3 {[%clk 00:04:26]} {[%emt 00:02:28]} b4 {[%clk 00:04:45]} {[%emt 00:04:14]}
46. Qa8+ {[%clk 00:01:42]} {[%emt 00:03:14]} Kd7 {[%clk 00:05:08]} {[%emt
00:00:07]} 47. Qa4+ {[%clk 00:02:00]} {[%emt 00:00:12]} Kd8 {[%clk 00:05:23]}
{[%emt 00:00:14]} 48. Qa8+ {[%clk 00:01:19]} {[%emt 00:01:12]} Kd7 {[%clk
00:05:41]} {[%emt 00:00:12]} 49. Qa4+ {[%clk 00:01:06]} {[%emt 00:00:44]} Kd8
{[%clk 00:05:53]} {[%emt 00:00:17]} 50. Qc6 {[%clk 00:00:54]} {[%emt 00:00:43]}
Qg6 {[%clk 00:02:48]} {[%emt 00:03:34]} 51. Qa8+ {[%clk 00:00:39]} {[%emt
00:00:46]} Kd7 {[%clk 00:03:10]} {[%emt 00:00:07]} 52. Qa4+ {[%clk 00:00:47]}
{[%emt 00:00:21]} Kd8 {[%clk 00:03:32]} {[%emt 00:00:09]} 53. Qa8+ {[%clk
00:00:43]} {[%emt 00:00:34]} Kd7 {[%clk 00:03:55]} {[%emt 00:00:07]} 54. Qa4+
{[%clk 00:01:09]} {[%emt 00:00:04]} Kd8 {[%clk 00:04:13]} {[%emt 00:00:11]} 55.
Qa8+ {[%emt 00:00:25]} 1/2-1/2

[Event "Top 12 2021"]
[Site "Chalons en Champagne, France"]
[Date "2021.06.24"]
[Round "1.11"]
[White "Vocaturo, Daniele CLI"]
[Black "Ramirez Garcia, Jorge Alberto PAR"]
[Result "1-0"]
[WhiteElo "2617"]
[BlackElo "2305"]

1. e4 {[%clk 01:30:52]} {[%emt 00:00:07]} e6 {[%clk 01:30:52]} {[%emt
00:00:07]} 2. d4 {[%clk 01:30:44]} {[%emt 00:00:39]} d5 {[%clk 01:31:13]}
{[%emt 00:00:09]} 3. Nc3 {[%clk 01:30:15]} {[%emt 00:00:59]} Nf6 {[%clk
01:31:29]} {[%emt 00:00:14]} 4. Bg5 {[%clk 01:29:15]} {[%emt 00:01:30]} dxe4
{[%clk 01:31:24]} {[%emt 00:00:35]} 5. Nxe4 {[%clk 01:29:31]} {[%emt 00:00:14]}
Be7 {[%clk 01:30:27]} {[%emt 00:01:27]} 6. Bxf6 {[%clk 01:28:12]} {[%emt
00:01:49]} Bxf6 {[%clk 01:30:46]} {[%emt 00:00:11]} 7. Nf3 {[%clk 01:27:35]}
{[%emt 00:01:08]} Nd7 {[%clk 01:29:57]} {[%emt 00:01:18]} 8. Qd2 {[%clk
01:21:53]} {[%emt 00:06:12]} O-O {[%clk 01:29:25]} {[%emt 00:01:02]} 9. O-O-O
{[%clk 01:21:12]} {[%emt 00:01:11]} Be7 {[%clk 01:28:55]} {[%emt 00:01:01]} 10.
Qf4 {[%clk 01:16:18]} {[%emt 00:05:24]} c5 {[%clk 01:20:57]} {[%emt 00:08:29]}
11. dxc5 {[%clk 01:11:10]} {[%emt 00:05:38]} Qa5 {[%clk 01:19:09]} {[%emt
00:02:17]} 12. Kb1 {[%clk 01:10:33]} {[%emt 00:01:07]} Nxc5 {[%clk 01:17:23]}
{[%emt 00:02:17]} 13. Nxc5 {[%clk 01:10:30]} {[%emt 00:00:32]} Qxc5 {[%clk
01:15:13]} {[%emt 00:02:39]} 14. Bd3 {[%clk 01:10:13]} {[%emt 00:00:47]} Qb4
{[%clk 01:09:16]} {[%emt 00:06:27]} 15. Qe3 {[%clk 01:02:17]} {[%emt 00:08:26]}
f6 {[%clk 00:30:05]} {[%emt 00:39:41]} 16. c3 {[%clk 00:59:57]} {[%emt
00:02:50]} Qc5 {[%clk 00:27:05]} {[%emt 00:03:30]} 17. Qe4 {[%clk 00:59:56]}
{[%emt 00:00:31]} g6 {[%clk 00:25:37]} {[%emt 00:01:58]} 18. Bc4 {[%clk
00:58:45]} {[%emt 00:01:41]} Qxf2 {[%clk 00:13:59]} {[%emt 00:12:09]} 19. Bxe6+
{[%clk 00:54:38]} {[%emt 00:04:37]} Bxe6 {[%clk 00:14:20]} {[%emt 00:00:09]} 20.
Qxe6+ {[%clk 00:55:03]} {[%emt 00:00:05]} Rf7 {[%clk 00:14:30]} {[%emt
00:00:20]} 21. Ne5 {[%clk 00:55:01]} {[%emt 00:00:31]} fxe5 {[%clk 00:09:37]}
{[%emt 00:05:24]} 22. Rhf1 {[%clk 00:55:23]} {[%emt 00:00:08]} Qxf1 {[%clk
00:09:42]} {[%emt 00:00:25]} 23. Rxf1 {[%clk 00:55:46]} {[%emt 00:00:06]} Raf8
{[%clk 00:10:06]} {[%emt 00:00:07]} 24. Rxf7 {[%clk 00:54:37]} {[%emt
00:01:39]} Rxf7 {[%clk 00:10:31]} {[%emt 00:00:05]} 25. Qxe5 {[%clk 00:54:57]}
{[%emt 00:00:10]} a6 {[%clk 00:10:35]} {[%emt 00:00:26]} 26. Qb8+ {[%clk
00:50:10]} {[%emt 00:05:17]} Bf8 {[%clk 00:10:59]} {[%emt 00:00:06]} 27. b4
{[%clk 00:48:56]} {[%emt 00:01:44]} h5 {[%clk 00:10:04]} {[%emt 00:01:25]} 28.
c4 {[%clk 00:45:21]} {[%emt 00:04:06]} Kh7 {[%clk 00:05:38]} {[%emt 00:04:55]}
29. c5 {[%clk 00:45:32]} {[%emt 00:00:19]} Bg7 {[%clk 00:05:54]} {[%emt
00:00:14]} 30. Kc2 {[%clk 00:42:22]} {[%emt 00:03:39]} Re7 {[%clk 00:04:41]}
{[%emt 00:01:43]} 31. h3 {[%clk 00:40:42]} {[%emt 00:02:10]} Rf7 {[%clk
00:04:55]} {[%emt 00:00:16]} 32. Qc8 {[%clk 00:37:47]} {[%emt 00:03:25]} Kh6
{[%clk 00:02:02]} {[%emt 00:03:23]} 33. Kd3 {[%clk 00:37:15]} {[%emt 00:01:02]}
Re7 {[%clk 00:01:20]} {[%emt 00:01:13]} 34. a4 {[%clk 00:35:06]} {[%emt
00:02:38]} Rf7 {[%clk 00:00:43]} {[%emt 00:01:08]} 35. Qe6 {[%clk 00:34:45]}
{[%emt 00:00:51]} Rf6 {[%clk 00:00:57]} {[%emt 00:00:16]} 36. Qd7 {[%clk
00:34:14]} {[%emt 00:01:00]} a5 {[%clk 00:00:36]} {[%emt 00:00:52]} 37. Qxb7
{[%clk 00:28:05]} {[%emt 00:06:38]} axb4 {[%clk 00:00:53]} {[%emt 00:00:13]} 38.
c6 {[%clk 00:27:56]} {[%emt 00:00:39]} b3 {[%clk 00:01:18]} {[%emt 00:00:05]}
39. c7 {[%clk 00:27:21]} {[%emt 00:01:05]} b2 {[%clk 00:01:10]} {[%emt
00:00:39]} 40. c8=Q {[%clk 00:57:17]} {[%emt 00:00:33]} Rf1 {[%clk 00:31:22]}
{[%emt 00:00:19]} 41. Qxg7+ {[%clk 00:57:09]} {[%emt 00:00:37]} 1-0

[Event "Top 12 2021"]
[Site "Chalons en Champagne, France"]
[Date "2021.06.24"]
[Round "1.47"]
[White "Roubert, Emile AGE"]
[Black "Maze, Sebastien BIS"]
[Result "0-1"]
[WhiteElo "2067"]
[BlackElo "2539"]

1. e4 {[%emt 04:22:09]} c6 {[%emt 00:00:20]} 2. c4 {[%emt 00:00:24]} e5 {[%emt
00:00:16]} 3. d4 {[%emt 00:00:25]} d6 {[%emt 00:00:17]} 4. Ne2 {[%emt
00:00:53]} Nd7 {[%emt 00:00:46]} 5. g3 {[%emt 00:04:12]} Ngf6 {[%emt 00:01:29]}
6. Bg2 {[%emt 00:01:43]} a6 {[%emt 00:00:11]} 7. O-O {[%emt 00:09:46]} Be7
{[%emt 00:01:01]} 8. a4 {[%emt 00:03:44]} a5 {[%emt 00:00:21]} 9. Nbc3 {[%emt
00:01:20]} O-O {[%emt 00:00:04]} 10. h3 {[%emt 00:01:40]} Re8 {[%emt 00:00:15]}
11. Be3 {[%emt 00:07:21]} Bf8 {[%emt 00:00:28]} 12. g4 {[%emt 00:01:01]} exd4
{[%emt 00:03:53]} 13. Bxd4 {[%emt 00:03:37]} g6 {[%emt 00:10:05]} 14. Ng3
{[%emt 00:03:16]} Ne5 {[%emt 00:06:30]} 15. b3 {[%emt 00:11:30]} Bh6 {[%emt
00:13:25]} 16. g5 {[%emt 00:14:38]} Bxg5 {[%emt 00:00:04]} 17. f4 {[%emt
00:00:07]} Bh4 {[%emt 00:06:16]} 18. fxe5 {[%emt 00:02:50]} dxe5 {[%emt
00:00:26]} 19. Bf2 {[%emt 00:00:55]} Qe7 {[%emt 00:00:06]} 20. Qf3 {[%emt
00:02:46]} Nd7 {[%emt 00:01:04]} 21. Kh1 {[%emt 00:01:30]} Nf8 {[%emt
00:03:01]} 22. Bc5 {[%emt 00:04:31]} Qe6 {[%emt 00:00:33]} 23. Rad1 {[%emt
00:01:05]} Be7 {[%emt 00:00:11]} 24. Be3 {[%emt 00:04:38]} f6 {[%emt 00:01:46]}
25. Rd3 {[%emt 00:02:47]} Rd8 {[%emt 00:03:15]} 26. Rfd1 {[%emt 00:01:58]} Rxd3
{[%emt 00:00:16]} 27. Rxd3 {[%emt 00:00:09]} Qf7 {[%emt 00:01:00]} 28. Qd1
{[%emt 00:02:22]} Be6 {[%emt 00:01:30]} 29. Bb6 {[%emt 00:04:43]} Qe8 {[%emt
00:01:55]} 30. Kh2 {[%emt 00:01:56]} Nd7 {[%emt 00:00:26]} 31. Be3 {[%emt
00:00:16]} Nc5 {[%emt 00:01:43]} 32. Bxc5 {[%emt 00:00:49]} Bxc5 {[%emt
00:00:03]} 33. Bf3 {[%emt 00:00:23]} Bf7 {[%emt 00:02:38]} 34. Bg4 {[%emt
00:00:42]} Kh8 {[%emt 00:05:26]} 35. h4 {[%emt 00:01:36]} Qf8 {[%emt 00:05:02]}
36. Qf3 {[%emt 00:01:41]} Be7 {[%emt 00:02:40]} 37. h5 {[%emt 00:00:43]} Rd8
{[%emt 00:01:05]} 38. hxg6 {[%emt 00:02:07]} hxg6 {[%emt 00:00:18]} 39. Kg2
{[%emt 00:00:25]} Kg7 {[%emt 00:03:12]} 40. Qd1 {[%emt 00:00:42]} Rxd3 {[%emt
00:09:03]} 41. Qxd3 {[%emt 00:00:08]} Bd6 {[%emt 00:00:04]} 42. Nd1 {[%emt
00:01:08]} Kg8 {[%emt 00:02:33]} 43. Ne3 {[%emt 00:02:50]} Bc5 {[%emt
00:00:16]} 44. Kf3 {[%emt 00:01:51]} Qe8 {[%emt 00:13:51]} 45. Bh3 {[%emt
00:03:34]} Qe7 {[%emt 00:07:14]} 46. Ng4 {[%emt 00:02:44]} Be8 {[%emt
00:01:41]} 47. Qd2 {[%emt 00:04:43]} Bb4 {[%emt 00:02:48]} 48. Qd3 {[%emt
00:05:18]} Kg7 {[%emt 00:02:34]} 49. Nf1 {[%emt 00:01:06]} Kf8 {[%emt
00:01:32]} 50. Nfe3 {[%emt 00:00:22]} Bc5 {[%emt 00:01:09]} 51. Kg2 {[%emt
00:00:30]} b6 {[%emt 00:07:11]} 52. Qf1 {[%emt 00:00:51]} Kg7 {[%emt 00:00:13]}
53. Qf2 {[%emt 00:00:25]} Qd8 {[%emt 00:11:09]} 54. Kh1 {[%emt 00:03:05]} Bf7
{[%emt 00:01:25]} 55. Bg2 {[%emt 00:07:48]} Be6 {[%emt 00:00:29]} 56. Qg3
{[%emt 00:00:31]} Qh8+ {[%emt 00:00:41]} 57. Nh2 {[%emt 00:01:38]} Kf7 {[%emt
00:00:52]} 58. Neg4 {[%emt 00:00:27]} Qh5 {[%emt 00:00:18]} 59. Bf3 {[%emt
00:00:40]} Qg5 {[%emt 00:00:17]} 60. Nf1 {[%emt 00:00:58]} Kg7 {[%emt
00:00:41]} 61. Kh2 {[%emt 00:00:56]} Bd4 {[%emt 00:00:50]} 62. Kh1 {[%emt
00:01:02]} b5 {[%emt 00:00:29]} 63. Be2 {[%emt 00:00:43]} bxc4 {[%emt
00:00:13]} 64. bxc4 {[%emt 00:00:07]} Qh5+ {[%emt 00:01:08]} 65. Kg2 {[%emt
00:00:22]} Qg5 {[%emt 00:00:04]} 66. Kh1 {[%emt 00:00:37]} Bd7 {[%emt
00:00:42]} 67. Qf3 {[%emt 00:01:05]} c5 {[%emt 00:00:25]} 68. Bd1 {[%emt
00:00:22]} Bc6 {[%emt 00:00:18]} 69. Bc2 {[%emt 00:00:53]} f5 {[%emt 00:00:12]}
70. Ngh2 {[%emt 00:00:31]} Qg1# {[%emt 00:00:05]} 0-1